Statistiques concernant Quiz Pokémon versions rouge et bleu

Cliquez ici pour prendre le quiz!

Statistiques générales

  • Ce quiz a été pris 76 fois
  • Le résultat moyen est 8 sur 15

Statistiques - réponses

QuestionRéponse% Correct
Quel est le champion de l’arène de Lavanville ?Il n'y a pas de champion a lavanville
88%
Quel est l’équipe d'Olga de conseil 4 ?Lamantine, Crustabri, Flagadoss, Lippoutou et Lokhlass
85%
Comment peut-on obtenir Amonita ?Avec le fossile nautique
82%
Dans la tour Pokémon, quels sont les Pokémon de notre rival que l'on combattra quelque soit le starter choisi?Roucoups et Kadabra
77%
Combien de fois Racaillou évolue t-il?2 fois par xp et echange
76%
Quel Pokémon a été créé en premier ?Rhinoféros
67%
Quel Pokémon le PROF.CHEN nous montre-t-il au début de l'aventure ?Un Nidrino
65%
Quel est le numéro du pokédex correspondant à Scarabrute ?127
44%
Quel est le prix d'une pierre eau au centre commercial de Céladopole ?2100
44%
Dans le pokédex, a quel Pokémon correspond le n°054 ?Psykokwak
41%
Combien de jetons faut-il pour avoir Insécateur au casino Rocket ?5500
38%
Combien de fois peut-on battre notre rival (au maximum)?8 fois
38%
Que restaure une limonade ?80PV
35%
Combien de question nous pose Auguste? le champion de Cramois'Île?6
32%
Quel est la date de la sortie des jeux Pokémon rouge et bleu en France ?Le 8 octobre 1999
23%

Distribution des résultats

Percentile par nombre de réponses

% des personnes avec chaque résultat

Votre développement - résultats

Vous n’avez pas pris ce quiz